[Event "SVK-chT3B2 2122"]
[Site "Slovakia"]
[Date "2022.02.27"]
[Round "5.4"]
[White "Hlinka, Miroslav"]
[Black "Sedlacek, Ondrej"]
[Result "1-0"]
[WhiteElo "2015"]
[BlackElo "1789"]
[PlyCount "53"]
[EventDate "2021.10.24"]
[EventType "team-tourn"]
[EventRounds "11"]
[EventCountry "SVK"]
[SourceTitle "EXT 2023"]
[Source "ChessBase"]
[SourceDate "2022.10.05"]
[SourceVersion "1"]
[SourceVersionDate "2022.10.05"]
[SourceQuality "1"]
[WhiteTeam "Nemsova Horne Srnie"]
[BlackTeam "Trencin"]
[WhiteTeamCountry "SVK"]
[BlackTeamCountry "SVK"]

1. d4 d5 2. Nf3 Nc6 3. e3 a6 4. c4 e6 5. Nc3 Nf6 6. Bd3 Be7 7. 0-0 Nb4 8. Be2 0-0 9. a3 Nc6 10. b4 dxc4 11. Bxc4 b5 12. Bd3 Bb7 13. Bb2 Bd6 14. Rc1 e5 15. d5 Ne7 16. e4 Ng6 17. Ne2 Re8 18. Rc2 Nxd5 19. exd5 e4 20. Bxe4 Rxe4 21. Ng3 Re8 22. Nf5 Bxd5 23. Nxg7 Re4 24. Nh5 Ne5 25. Qxd5 Nxf3+ 26. gxf3 Bxh2+ 27. Kxh2 1-0

[Event "SVK-chT3B2 2122"]
[Site "Slovakia"]
[Date "2021.11.21"]
[Round "3.2"]
[White "Hlinka, Miroslav"]
[Black "Sosovickova, Jana"]
[Result "1/2-1/2"]
[WhiteElo "2015"]
[BlackElo "1896"]
[PlyCount "42"]
[EventDate "2021.10.24"]
[EventType "team-tourn"]
[EventRounds "11"]
[EventCountry "SVK"]
[SourceTitle "EXT 2023"]
[Source "ChessBase"]
[SourceDate "2022.10.05"]
[SourceVersion "1"]
[SourceVersionDate "2022.10.05"]
[SourceQuality "1"]
[WhiteTeam "Nemsova Horne Srnie"]
[BlackTeam "Dubnica nad Vahom IV"]
[WhiteTeamCountry "SVK"]
[BlackTeamCountry "SVK"]

1. Nf3 d5 2. d4 Nf6 3. c4 e6 4. Nc3 c6 5. Bg5 Be7 6. e3 Nbd7 7. Bd3 dxc4 8. Bxc4 b5 9. Bb3 Ba6 10. 0-0 b4 11. Ne2 0-0 12. Rc1 c5 13. Re1 Rc8 14. Bc4 Bb7 15. Nf4 Nd5 16. Bxe7 Qxe7 17. Bxd5 Bxd5 18. Nxd5 exd5 19. dxc5 Rxc5 20. Qa4 Rxc1 21. Rxc1 Nb6 1/2-1/2

[Event "SVK-chT2B 1516"]
[Site "Slovakia"]
[Date "2016.03.12"]
[Round "10.2"]
[White "Blaho, Stefan"]
[Black "Hlinka, Miroslav"]
[Result "0-1"]
[WhiteElo "2003"]
[BlackElo "2015"]
[PlyCount "76"]
[EventDate "2015.10.17"]
[EventType "team-tourn"]
[EventRounds "11"]
[EventCountry "SVK"]
[SourceTitle "EXT 2019"]
[Source "ChessBase"]
[SourceDate "2018.10.10"]
[SourceVersion "1"]
[SourceVersionDate "2018.10.10"]
[SourceQuality "1"]
[WhiteTeam "Podhajska Termal"]
[BlackTeam "Povazska Bystrica SKS II"]
[WhiteTeamCountry "SVK"]
[BlackTeamCountry "SVK"]

1. d4 d5 2. Nf3 Nf6 3. Bf4 Bg4 4. Ne5 Bh5 5. c3 Nbd7 6. Qb3 Rb8 7. Nd2 e6 8. h3 Nxe5 9. dxe5 Nd7 10. g4 Bg6 11. Bg2 Be7 12. Qa4 a6 13. b4 0-0 14. Bg3 f6 15. exf6 Bxf6 16. Qb3 Be5 17. Nf3 Bxg3 18. fxg3 Be4 19. 0-0 c5 20. Kh2 c4 21. Qd1 Bxf3 22. exf3 Ne5 23. Qe2 Qf6 24. Rae1 Nd3 25. Qxe6+ Qxe6 26. Rxe6 d4 27. cxd4 Nxb4 28. f4 Rfd8 29. a3 Nc2 30. Rc1 Nxd4 31. Rb6 Rbc8 32. Bxb7 Rc7 33. Bxa6 c3 34. Kg2 c2 35. Rb4 Rc3 36. a4 Nc6 37. Re4 Rd1 38. Re1 Rxe1 0-1

[Event "SVK-chT2B 1415"]
[Site "Slovakia"]
[Date "2014.11.08"]
[Round "3.2"]
[White "Hlinka, Miroslav"]
[Black "Chrenko, Kristian"]
[Result "1-0"]
[WhiteElo "2015"]
[BlackElo "1718"]
[PlyCount "63"]
[EventDate "2014.10.11"]
[EventType "team-tourn"]
[EventRounds "11"]
[EventCountry "SVK"]
[SourceTitle "EXT 2019"]
[Source "ChessBase"]
[SourceDate "2018.10.10"]
[SourceVersion "1"]
[SourceVersionDate "2018.10.10"]
[SourceQuality "1"]
[WhiteTeam "Povazska Bystrica SKS II"]
[BlackTeam "Nitra NSK II"]
[WhiteTeamCountry "SVK"]
[BlackTeamCountry "SVK"]

1. d4 Nf6 2. Nf3 e6 3. c4 d5 4. Nc3 b6 5. Bg5 Be7 6. e3 Bb7 7. Be2 dxc4 8. Bxc4 Nbd7 9. 0-0 0-0 10. Qe2 h6 11. Bf4 c5 12. Rfd1 Qc8 13. Rac1 cxd4 14. exd4 Nh5 15. Be3 Nhf6 16. d5 e5 17. d6 Bd8 18. Nd5 Nxd5 19. Bxd5 Qb8 20. Qb5 Bxd5 21. Rxd5 Nf6 22. Rdd1 e4 23. Ne5 a6 24. Qb3 b5 25. d7 Qxe5 26. Rc8 Bc7 27. d8Q Qxh2+ 28. Kf1 Rxd8 29. Rdxd8+ Bxd8 30. Rxa8 Qh1+ 31. Ke2 Qh5+ 32. Kd2 1-0

[Event "SVK-chT2B 1314"]
[Site "Slovakia"]
[Date "2014.01.11"]
[Round "5.5"]
[White "Hlinka, Miroslav"]
[Black "Sopko, Rudolf"]
[Result "1/2-1/2"]
[WhiteElo "2032"]
[BlackElo "1863"]
[PlyCount "80"]
[EventDate "2013.10.19"]
[EventType "team-tourn"]
[EventRounds "11"]
[EventCountry "SVK"]
[SourceTitle "EXT 2015"]
[Source "ChessBase"]
[SourceDate "2014.11.20"]
[SourceVersion "1"]
[SourceVersionDate "2014.11.20"]
[SourceQuality "1"]
[WhiteTeam "Povazska Bystrica III"]
[BlackTeam "Trencin II"]
[WhiteTeamCountry "SVK"]
[BlackTeamCountry "SVK"]

1. Nf3 d5 2. d4 Nf6 3. c4 c6 4. cxd5 cxd5 5. Nc3 Nc6 6. g3 Bg4 7. Bg2 e6 8. 0-0 Be7 9. Ne5 0-0 10. Nxg4 Nxg4 11. e4 Nf6 12. Be3 dxe4 13. Nxe4 Nd5 14. Qb3 Qb6 15. Qxb6 axb6 16. Rfc1 Rfc8 17. Nc3 Ncb4 18. Nxd5 Nxd5 19. Bd2 Kf8 20. a3 Ke8 21. Bxd5 exd5 22. Rc3 Rxc3 23. Bxc3 Kd7 24. Kf1 b5 25. Re1 Bf6 26. Ke2 Re8+ 27. Kd3 Rxe1 28. Bxe1 h5 29. Bd2 g5 30. f4 g4 31. Bb4 Ke6 32. Bf8 Bd8 33. Bb4 Kf5 34. Ke3 h4 35. Kd3 Bc7 36. Ke3 Bd8 37. Bd6 h3 38. Bb4 Bc7 39. Be1 Bb6 40. Kd3 Bc7 1/2-1/2

[Event "SVK-chT3B2 1112"]
[Site "Slovakia"]
[Date "2011.12.11"]
[Round "4.4"]
[White "Hlinka, Miroslav"]
[Black "Huliak, Pavol"]
[Result "1-0"]
[WhiteElo "2032"]
[BlackElo "2114"]
[PlyCount "79"]
[EventDate "2011.10.23"]
[EventType "team-tourn"]
[EventRounds "9"]
[EventCountry "SVK"]
[SourceTitle "EXT 2013"]
[Source "ChessBase"]
[SourceDate "2012.11.22"]
[SourceVersion "1"]
[SourceVersionDate "2012.11.22"]
[SourceQuality "1"]
[WhiteTeam "Povazska Bystrica Sparta III"]
[BlackTeam "Bojnice Start SO"]
[WhiteTeamCountry "SVK"]
[BlackTeamCountry "SVK"]

1. d4 Nf6 2. Nf3 e6 3. c4 d5 4. Nc3 Be7 5. Bf4 0-0 6. e3 b6 7. Bd3 Bb7 8. h3 Bb4 9. Bg5 h6 10. Bh4 Nbd7 11. cxd5 exd5 12. Rc1 c5 13. 0-0 c4 14. Bb1 Bxc3 15. Rxc3 Qe8 16. Nd2 b5 17. f3 b4 18. Rc1 Qxe3+ 19. Bf2 Qe6 20. Re1 Qd6 21. Nf1 Rae8 22. Qa4 Qb6 23. Ng3 g6 24. h4 Rxe1+ 25. Rxe1 Bc6 26. Qc2 Re8 27. Rxe8+ Nxe8 28. h5 Nf8 29. hxg6 fxg6 30. Ne2 Bd7 31. Qd2 g5 32. f4 g4 33. f5 Ng7 34. Nf4 c3 35. Qe2 g3 36. Be3 Qc6 37. bxc3 bxc3 38. Bc2 Nxf5 39. Nxd5 Nxe3 40. Ne7+ 1-0

[Event "SVK-chT2B 10/11"]
[Site "Slovakia"]
[Date "2011.02.05"]
[Round "6.1"]
[White "Masarik, Drahoslav"]
[Black "Hlinka, Miroslav"]
[Result "1-0"]
[WhiteElo "2008"]
[BlackElo "2043"]
[PlyCount "89"]
[EventDate "2010.10.23"]
[EventType "team-tourn"]
[EventRounds "11"]
[EventCountry "SVK"]
[SourceTitle "EXT 2019"]
[Source "ChessBase"]
[SourceDate "2018.10.10"]
[SourceVersion "1"]
[SourceVersionDate "2018.10.10"]
[SourceQuality "1"]
[WhiteTeam "Trencin SK II"]
[BlackTeam "Povazska Bystrica SK Sparta"]
[WhiteTeamCountry "SVK"]
[BlackTeamCountry "SVK"]

1. Nf3 Nf6 2. d4 d5 3. c4 e6 4. Nc3 Be7 5. Bf4 a6 6. cxd5 Nxd5 7. Nxd5 Qxd5 8. a3 Bd6 9. Bxd6 cxd6 10. g3 Nc6 11. Bg2 Bd7 12. 0-0 Qh5 13. Qb3 Rb8 14. e4 0-0 15. Rac1 d5 16. exd5 exd5 17. Rc5 Be6 18. Re1 Qg4 19. Qe3 h6 20. Ne5 Nxe5 21. Qxe5 Rbc8 22. Bxd5 Bxd5 23. Rxc8 Qf3 24. Rxf8+ Kh7 25. Kf1 Bc4+ 26. Kg1 Bd5 27. Qxd5 Qxd5 28. Re7 Qxd4 29. Rfxf7 Qd1+ 30. Kg2 Qd5+ 31. f3 Qd2+ 32. Kh3 Qd3 33. Rxb7 Qf1+ 34. Kh4 Qc4+ 35. f4 Qe2 36. Rxg7+ Kh8 37. h3 Qe6 38. Rgf7 Kg8 39. f5 Qe4+ 40. g4 Qf4 41. Rg7+ Kh8 42. Rbf7 a5 43. Kh5 a4 44. Rg6 Qxg4+ 45. Kxg4 1-0

[Event "SVK-chT2B 10/11"]
[Site "Slovakia"]
[Date "2010.10.23"]
[Round "1.4"]
[White "Veselsky, Jozef"]
[Black "Hlinka, Miroslav"]
[Result "1-0"]
[WhiteElo "2118"]
[BlackElo "2043"]
[PlyCount "85"]
[EventDate "2010.10.23"]
[EventType "team-tourn"]
[EventRounds "11"]
[EventCountry "SVK"]
[SourceTitle "EXT 2019"]
[Source "ChessBase"]
[SourceDate "2018.10.10"]
[SourceVersion "1"]
[SourceVersionDate "2018.10.10"]
[SourceQuality "1"]
[WhiteTeam "Sala Slovan Duslo"]
[BlackTeam "Povazska Bystrica SK Sparta"]
[WhiteTeamCountry "SVK"]
[BlackTeamCountry "SVK"]

1. d4 d5 2. Nf3 Nf6 3. c4 e6 4. Nc3 Be7 5. Bg5 0-0 6. e3 b6 7. cxd5 exd5 8. Qb3 Bb7 9. Bd3 Nbd7 10. Qa4 c5 11. Ba6 Qc8 12. Bxb7 Qxb7 13. 0-0 Rfe8 14. Rfd1 c4 15. b3 Ne4 16. Nxe4 dxe4 17. Bxe7 exf3 18. Bh4 cxb3 19. Qxb3 Qe4 20. Bg3 fxg2 21. Rac1 Rac8 22. Qb5 Nf6 23. Qa6 Rxc1 24. Rxc1 h5 25. Qb5 h4 26. Be5 Re6 27. h3 Nd5 28. Qe2 Qf5 29. Kxg2 Rg6+ 30. Kh2 Qg5 31. Qf3 Nc3 32. Bf4 Qa5 33. e4 Nxa2 34. Ra1 b5 35. Qb3 Ra6 36. d5 b4 37. d6 g5 38. Rxa2 Qxa2 39. Qxa2 Rxa2 40. d7 Rxf2+ 41. Kg1 Rxf4 42. d8Q+ Kh7 43. Qxg5 1-0

[Event "SVK-chT2B 0910"]
[Site "Slovakia"]
[Date "2010.01.10"]
[Round "7"]
[White "Lakatos, Vladimir"]
[Black "Hlinka, Miroslav"]
[Result "1-0"]
[WhiteElo "2170"]
[BlackElo "2082"]
[PlyCount "101"]
[EventDate "2009.10.10"]
[EventType "team"]
[EventRounds "11"]
[EventCountry "SVK"]
[SourceTitle "EXT 2011"]
[Source "ChessBase"]
[SourceDate "2010.11.26"]
[SourceVersion "1"]
[SourceVersionDate "2010.11.26"]
[SourceQuality "1"]
[WhiteTeam "Prievidza II"]
[BlackTeam "Bystrica SKS"]
[WhiteTeamCountry "SVK"]
[BlackTeamCountry "SVK"]

1. c4 Nf6 2. Nc3 c5 3. g3 g6 4. Bg2 Bg7 5. a3 0-0 6. b4 d6 7. Rb1 Nc6 8. d3 Ng4 9. Bd2 cxb4 10. axb4 Qb6 11. Nh3 e6 12. 0-0 Bd7 13. Ne4 Qc7 14. b5 Ne7 15. Nxd6 Qxd6 16. Bb4 Qc7 17. Bxe7 Rfe8 18. Bb4 a5 19. Ba3 e5 20. Ng5 Nf6 21. Qa4 h6 22. Ne4 Nxe4 23. Bxe4 f5 24. Bd5+ Kh7 25. c5 Rad8 26. Qc4 f4 27. c6 Bh3 28. Rfc1 b6 29. Qb3 h5 30. Bf7 fxg3 31. hxg3 Rh8 32. Be6 Bxe6 33. Qxe6 Rhe8 34. Qh3 e4 35. dxe4 Rxe4 36. e3 Bh6 37. Rd1 Rg4 38. Rxd8 Qxd8 39. Qf1 Bxe3 40. fxe3 Rxg3+ 41. Kf2 Qh4 42. Ke2 Qc4+ 43. Kd2 Qa2+ 44. Bb2 Qd5+ 45. Bd4 Rf3 46. Qd1 Rf2+ 47. Kc3 Qa2 48. Bxb6 a4 49. Bc5 Rf5 50. Bb4 Rd5 51. Qc2 1-0

[Event "SVK-chT2B 0910"]
[Site "Slovakia"]
[Date "2009.10.11"]
[Round "2.5"]
[White "Dolnik, Attila"]
[Black "Hlinka, Miroslav"]
[Result "1-0"]
[WhiteElo "2155"]
[BlackElo "2082"]
[PlyCount "51"]
[EventDate "2009.10.10"]
[EventType "team"]
[EventRounds "11"]
[EventCountry "SVK"]
[SourceTitle "EXT 2011"]
[Source "ChessBase"]
[SourceDate "2010.11.26"]
[SourceVersion "1"]
[SourceVersionDate "2010.11.26"]
[SourceQuality "1"]
[WhiteTeam "Kosihy Europress"]
[BlackTeam "Bystrica SKS"]
[WhiteTeamCountry "SVK"]
[BlackTeamCountry "SVK"]

1. e4 c5 2. c3 d5 3. exd5 Qxd5 4. d4 Nf6 5. Nf3 Bg4 6. Be2 cxd4 7. cxd4 e6 8. Nc3 Bb4 9. 0-0 Bxc3 10. bxc3 0-0 11. h3 Bh5 12. c4 Qa5 13. Qb3 Qc7 14. Bb2 Nbd7 15. Rac1 Ne4 16. Qe3 Ndf6 17. g4 Bg6 18. Ne5 h6 19. Nxg6 fxg6 20. Bd3 Ng5 21. f4 Nxh3+ 22. Qxh3 h5 23. gxh5 gxh5 24. Qxe6+ Kh8 25. Rc2 Rae8 26. Qh3 1-0

[Event "SVK-chT2B 0809"]
[Site "Slovakia"]
[Date "2009.03.01"]
[Round "11.4"]
[White "Hlinka, Miroslav"]
[Black "Spik, Peter"]
[Result "1-0"]
[WhiteElo "2102"]
[BlackElo "2065"]
[PlyCount "131"]
[EventDate "2008.10.11"]
[EventType "team-tourn"]
[EventRounds "11"]
[EventCountry "SVK"]
[SourceTitle "EXT 2010"]
[Source "ChessBase"]
[SourceDate "2010.11.25"]
[SourceVersion "1"]
[SourceVersionDate "2010.11.25"]
[SourceQuality "1"]
[WhiteTeam "Belusa Hermes"]
[BlackTeam "Sala Slovan Duslo"]
[WhiteTeamCountry "SVK"]
[BlackTeamCountry "SVK"]

1. d4 d5 2. Nf3 g6 3. c4 c6 4. Nc3 Bg7 5. Bf4 Nf6 6. h3 0-0 7. e3 Bf5 8. Qb3 b6 9. Rc1 Be6 10. cxd5 Nxd5 11. Nxd5 Bxd5 12. Bc4 e6 13. Bxd5 cxd5 14. 0-0 Nd7 15. Qa4 a6 16. Rc6 b5 17. Qb4 Re8 18. Bc7 Bf8 19. Qa5 Qc8 20. Rfc1 Qb7 21. Bg3 Rec8 22. Rc7 Rxc7 23. Rxc7 Qb6 24. Qxb6 Nxb6 25. Ng5 Rc8 26. Rb7 Rc1+ 27. Kh2 Nc4 28. Nxf7 Nd2 29. h4 Nf1+ 30. Kh3 Nxg3 31. Kxg3 Rc2 32. Ng5 Rxb2 33. Rb8 Rxa2 34. Nxe6 Kf7 35. Nxf8 b4 36. Nd7 a5 37. Ne5+ Ke6 38. Rb6+ Ke7 39. Nd3 Ra3 40. Nf4 b3 41. Nxd5+ Kd7 42. Kf3 a4 43. Nc3 Ra2 44. Nxa4 Rxa4 45. Rxb3 Ke6 46. Rb6+ Kf7 47. g4 h5 48. gxh5 gxh5 49. Rh6 Ra5 50. Kf4 Kg7 51. Re6 Ra2 52. f3 Rg2 53. d5 Rd2 54. e4 Rd3 55. d6 Kf7 56. Rh6 Kg7 57. Rxh5 Rxd6 58. Rg5+ Kh6 59. Kf5 Ra6 60. f4 Ra1 61. e5 Rh1 62. e6 Re1 63. Kf6 Re4 64. f5 Rxh4 65. e7 Re4 66. Rg8 1-0

[Event "SVK-chT1W 0809"]
[Site "Slovakia"]
[Date "2009.02.08"]
[Round "9.2"]
[White "Hlinka, Miroslav"]
[Black "Kralovic, Andrej"]
[Result "0-1"]
[WhiteElo "2102"]
[BlackElo "2136"]
[PlyCount "66"]
[EventDate "2008.10.18"]
[EventType "team-tourn"]
[EventRounds "11"]
[EventCountry "SVK"]
[SourceTitle "EXT 2010"]
[Source "ChessBase"]
[SourceDate "2010.11.25"]
[SourceVersion "1"]
[SourceVersionDate "2010.11.25"]
[SourceQuality "1"]
[WhiteTeam "Povazska Bystrica Sparta"]
[BlackTeam "Bratislava Slovan III"]
[WhiteTeamCountry "SVK"]
[BlackTeamCountry "SVK"]

1. d4 Nf6 2. c4 g6 3. Nc3 d5 4. Nf3 Bg7 5. Bf4 0-0 6. e3 c5 7. Rc1 Qa5 8. Qd2 Rd8 9. Be2 dxc4 10. Bxc4 a6 11. 0-0 b5 12. Bb3 c4 13. Bc2 Bb7 14. Qe2 Nbd7 15. h3 b4 16. Na4 Rac8 17. Ne5 Nh5 18. Nxd7 Qd5 19. f3 Nxf4 20. exf4 Qxd7 21. Rfd1 Bxd4+ 22. Kh1 Qc7 23. Be4 Bxe4 24. Qxe4 Bf2 25. Rxd8+ Rxd8 26. Kh2 Rd4 27. Qe5 Qxe5 28. fxe5 Be3 29. Re1 Bf4+ 30. Kg1 Bd2 31. Re2 c3 32. bxc3 bxc3 33. Nc5 c2 0-1

[Event "SVK-chT1W 0809"]
[Site "Slovakia"]
[Date "2008.11.23"]
[Round "4.6"]
[White "Blaho, Stefan"]
[Black "Hlinka, Miroslav"]
[Result "0-1"]
[WhiteElo "2139"]
[BlackElo "2102"]
[PlyCount "52"]
[EventDate "2008.10.18"]
[EventType "team-tourn"]
[EventRounds "11"]
[EventCountry "SVK"]
[SourceTitle "EXT 2010"]
[Source "ChessBase"]
[SourceDate "2010.11.25"]
[SourceVersion "1"]
[SourceVersionDate "2010.11.25"]
[SourceQuality "1"]
[WhiteTeam "Nove Zamky Basta"]
[BlackTeam "Povazska Bystrica Sparta"]
[WhiteTeamCountry "SVK"]
[BlackTeamCountry "SVK"]

1. d4 Nf6 2. c4 d5 3. cxd5 Nxd5 4. e4 Nb6 5. Nc3 Nc6 6. Be3 e6 7. Nf3 Be7 8. Rc1 0-0 9. Bd3 Nb4 10. Bb1 c6 11. Ne5 f6 12. Nd3 Nc4 13. Qe2 Nxd3+ 14. Bxd3 Nxe3 15. Qxe3 Qb6 16. b3 Rd8 17. Ne2 Qa5+ 18. Kf1 Qxa2 19. e5 f5 20. g4 Qa5 21. gxf5 exf5 22. Bc4+ Kh8 23. Nf4 g5 24. Nh5 f4 25. Qe4 Qd2 26. Bd3 Bh3+ 0-1

[Event "SVK-chT1E 0708"]
[Site "Slovakia"]
[Date "2008.01.13"]
[Round "7.5"]
[White "Kaniansky, Miroslav"]
[Black "Hlinka, Miroslav"]
[Result "1-0"]
[WhiteElo "2231"]
[BlackElo "2126"]
[PlyCount "109"]
[EventDate "2007.10.13"]
[EventType "team-swiss"]
[EventRounds "11"]
[EventCountry "SVK"]
[SourceTitle "EXT 2019"]
[Source "ChessBase"]
[SourceDate "2018.10.10"]
[SourceVersion "1"]
[SourceVersionDate "2018.10.10"]
[SourceQuality "1"]
[WhiteTeam "Prievidza SK"]
[BlackTeam "Povazska Bystrica Sparta"]
[WhiteTeamCountry "SVK"]
[BlackTeamCountry "SVK"]

1. Nf3 e6 2. c4 Nf6 3. g3 g6 4. Nc3 Bg7 5. e4 0-0 6. Bg2 c5 7. d4 cxd4 8. Nxd4 Nc6 9. 0-0 Nxe4 10. Nxc6 Nxc3 11. Nxd8 Nxd1 12. Rxd1 Rxd8 13. Bf4 a5 14. Bc7 Re8 15. Rd2 Bf6 16. Re1 Bd8 17. Bxd8 Rxd8 18. Re5 Kf8 19. Rb5 Ra7 20. Rd6 Ke7 21. c5 f5 22. f4 h6 23. Kf2 g5 24. Ke3 Rg8 25. Bf3 Rh8 26. Rdb6 gxf4+ 27. Kxf4 Rg8 28. b3 Kf6 29. Bxb7 Bxb7 30. Rxb7 e5+ 31. Ke3 Rga8 32. R7b6+ Kg5 33. Rd6 Kg4 34. Rxh6 Ra6 35. Rh4+ Kg5 36. Ra4 R8a7 37. Rb6 Rxb6 38. cxb6 Ra6 39. b7 Rb6 40. Rxa5 d6 41. Rd5 Rxb7 42. Rxd6 Ra7 43. Rd2 Kg4 44. a4 Rh7 45. Rf2 Rh3 46. a5 f4+ 47. Ke4 fxg3 48. hxg3 Rxg3 49. Rb2 Kh5 50. b4 Kg6 51. Kxe5 Kf7 52. Kd6 Ke8 53. Kc7 Rc3+ 54. Kb7 Kd7 55. Rd2+ 1-0

[Event "SVK-chT1E 0708"]
[Site "Slovakia"]
[Date "2007.12.09"]
[Round "6.6"]
[White "Hlinka, Miroslav"]
[Black "Gruca, Miroslav"]
[Result "0-1"]
[WhiteElo "2126"]
[BlackElo "2187"]
[PlyCount "120"]
[EventDate "2007.10.13"]
[EventType "team-swiss"]
[EventRounds "11"]
[EventCountry "SVK"]
[SourceTitle "EXT 2019"]
[Source "ChessBase"]
[SourceDate "2018.10.10"]
[SourceVersion "1"]
[SourceVersionDate "2018.10.10"]
[SourceQuality "1"]
[WhiteTeam "Povazska Bystrica Sparta"]
[BlackTeam "Trencin SK"]
[WhiteTeamCountry "SVK"]
[BlackTeamCountry "SVK"]

1. d4 d5 2. c4 c6 3. Nf3 Nf6 4. e3 Bg4 5. Nc3 e6 6. Bd3 Nbd7 7. h3 Bh5 8. 0-0 Bd6 9. Re1 0-0 10. e4 dxc4 11. Bxc4 e5 12. d5 Nb6 13. Bb3 cxd5 14. Nxd5 Nbxd5 15. Bxd5 Nxd5 16. Qxd5 Bxf3 17. gxf3 Qf6 18. Kg2 b6 19. Be3 Rfd8 20. Red1 Bc5 21. Qb3 Bd4 22. Bxd4 exd4 23. Rd3 Rd6 24. Qb5 a6 25. Qh5 Qf4 26. Qf5 Qxf5 27. exf5 Kf8 28. Kg3 Ke7 29. Rc1 Kf6 30. Rc4 Rad8 31. Kf4 g5+ 32. fxg6 fxg6 33. h4 h6 34. a4 g5+ 35. hxg5+ hxg5+ 36. Kg4 Rh8 37. b4 Rh4+ 38. Kg3 Ke5 39. Rc8 Kd5 40. a5 Rc6 41. Rg8 Kc4 42. Rd1 Rhh6 43. Rxg5 bxa5 44. bxa5 d3 45. Rc1+ Kb3 46. Rxc6 Rxc6 47. Rd5 Kc2 48. Kg4 d2 49. f4 d1Q+ 50. Rxd1 Kxd1 51. f5 Ke2 52. f4 Ke3 53. Kg5 Rc4 54. f6 Rxf4 55. Kg6 Kd4 56. f7 Kc5 57. Kg7 Kb5 58. f8Q Rxf8 59. Kxf8 Kxa5 60. Ke7 Kb4 0-1

[Event "SVK-chT1E 0708"]
[Site "Slovakia"]
[Date "2007.11.11"]
[Round "4.5"]
[White "Djubek, Boris"]
[Black "Hlinka, Miroslav"]
[Result "1-0"]
[WhiteElo "2160"]
[BlackElo "2126"]
[PlyCount "89"]
[EventDate "2007.10.13"]
[EventType "team-swiss"]
[EventRounds "11"]
[EventCountry "SVK"]
[SourceTitle "EXT 2019"]
[Source "ChessBase"]
[SourceDate "2018.10.10"]
[SourceVersion "1"]
[SourceVersionDate "2018.10.10"]
[SourceQuality "1"]
[WhiteTeam "Bratislava Slovan III"]
[BlackTeam "Povazska Bystrica Sparta"]
[WhiteTeamCountry "SVK"]
[BlackTeamCountry "SVK"]

1. d4 Nf6 2. Nf3 d5 3. c4 e6 4. Nc3 Be7 5. Bg5 0-0 6. e3 Nbd7 7. Rc1 a6 8. cxd5 exd5 9. Bd3 Re8 10. 0-0 c6 11. Qc2 Ne4 12. Bxe4 Bxg5 13. Bxh7+ Kh8 14. Bd3 Bh6 15. Na4 Qf6 16. Qd1 g6 17. h3 Kg7 18. Nh2 Nf8 19. Nb6 Rb8 20. Nxc8 Rbxc8 21. Ng4 Qh4 22. Nxh6 Qxh6 23. b4 Ne6 24. Qg4 Qg5 25. Qxg5 Nxg5 26. Rfe1 f5 27. f3 Re7 28. Kf2 Rce8 29. h4 Ne6 30. g3 Kf6 31. a4 Nc7 32. Re2 Rh8 33. Rh1 Reh7 34. Rc2 Re7 35. Re2 Reh7 36. Rb2 g5 37. hxg5+ Kxg5 38. Rxh7 Rxh7 39. Bf1 b5 40. axb5 axb5 41. Rc2 Rh2+ 42. Bg2 Rh6 43. f4+ Kg4 44. Bf3+ Kh3 45. Rc1 1-0

[Event "SVK-chT2B 0607"]
[Site "Slovakia"]
[Date "2007.03.18"]
[Round "11.6"]
[White "Kunovsky, Daniel"]
[Black "Hlinka, Miroslav"]
[Result "0-1"]
[WhiteElo "2008"]
[BlackElo "2131"]
[PlyCount "66"]
[EventDate "2006.10.14"]
[EventType "team-tourn"]
[EventRounds "11"]
[EventCountry "SVK"]
[SourceTitle "EXT 2008"]
[Source "ChessBase"]
[SourceDate "2007.11.25"]
[SourceVersion "1"]
[SourceVersionDate "2007.11.25"]
[SourceQuality "1"]
[WhiteTeam "Sala"]
[BlackTeam "Povazska Bystrica"]
[WhiteTeamCountry "SVK"]
[BlackTeamCountry "SVK"]

1. e4 d5 2. exd5 Qxd5 3. Nc3 Qd6 4. d4 Nf6 5. Nf3 a6 6. Be2 Bf5 7. 0-0 e6 8. Bg5 Be7 9. h3 Nc6 10. Bd3 Bxd3 11. Qxd3 0-0-0 12. Rfd1 h6 13. Bh4 g5 14. Bg3 Qd7 15. a3 Nh5 16. Bh2 Bd6 17. Ne5 Bxe5 18. Bxe5 f6 19. Bh2 Nxd4 20. Qg6 Qe8 21. Qe4 e5 22. b4 Nf4 23. Bxf4 gxf4 24. b5 axb5 25. f3 Rg8 26. a4 f5 27. Qd3 b4 28. Nb5 Qg6 29. Qf1 Nxc2 30. Rxd8+ Rxd8 31. Rc1 Rd2 32. g4 fxg3 33. Qc4 Qb6+ 0-1

[Event "SVK-chT2B 0607"]
[Site "Slovakia"]
[Date "2007.02.04"]
[Round "9.2"]
[White "Hlinka, Miroslav"]
[Black "Botto, Vladimir"]
[Result "0-1"]
[WhiteElo "2131"]
[BlackElo "2030"]
[PlyCount "126"]
[EventDate "2006.10.14"]
[EventType "team-tourn"]
[EventRounds "11"]
[EventCountry "SVK"]
[SourceTitle "EXT 2008"]
[Source "ChessBase"]
[SourceDate "2007.11.25"]
[SourceVersion "1"]
[SourceVersionDate "2007.11.25"]
[SourceQuality "1"]
[WhiteTeam "Povazska Bystrica"]
[BlackTeam "Topolcianky"]
[WhiteTeamCountry "SVK"]
[BlackTeamCountry "SVK"]

1. d4 e6 2. c4 c5 3. e3 Nf6 4. Nf3 Be7 5. Nc3 0-0 6. Bd3 b6 7. 0-0 Bb7 8. b3 d5 9. Bb2 Nbd7 10. cxd5 exd5 11. Rc1 Rc8 12. Qe2 Qc7 13. Rfd1 c4 14. Bf5 g6 15. Bb1 Ba6 16. bxc4 Bxc4 17. Bd3 Bxd3 18. Qxd3 Qb7 19. Ne5 Bd6 20. f4 a6 21. Rf1 b5 22. a3 Nb6 23. f5 Nc4 24. Nxc4 bxc4 25. Qe2 Rb8 26. Rc2 Qc7 27. g3 Qe7 28. Qf3 g5 29. g4 Qb7 30. Re2 Rfe8 31. h4 h6 32. hxg5 hxg5 33. Na4 Kg7 34. Nc5 Qe7 35. Bc3 Bxc5 36. dxc5 Qxc5 37. Bd4 Qd6 38. Rb2 Re4 39. Rff2 Rb3 40. Rxb3 cxb3 41. Qh3 Rxd4 42. exd4 Qxa3 43. Qe3 Ne4 44. f6+ Kg6 45. Rf5 Qa1+ 46. Kg2 Qd1 47. Qh3 Qe2+ 48. Kg1 Nxf6 49. Rxf6+ Kxf6 50. Qh6+ Ke7 51. Qxg5+ Kd6 52. Qd8+ Kc6 53. Qa8+ Kb5 54. Qxd5+ Ka4 55. Qd7+ Ka3 56. Qc7 Qe1+ 57. Kg2 Qb4 58. Qc1+ b2 59. Qb1 Qxd4 60. Kh2 a5 61. g5 Qh4+ 62. Kg2 Qxg5+ 63. Kf2 Qg6 0-1